000 03174cam a22005414i 4500
003 PE-LiUPU
005 20250731172831.0
008 150824s2008 tnua r 001 0 eng d
020 _a9780805446791
035 _a(Sirsi) i9780805446791
040 _aPE-LiUPU
_bspa
_dPE-LiUPU
_erda
049 _aPRUA
082 0 4 _a221.95
_bI8
245 0 0 _aIsrael :
_bancient kingdom or late invention? /
_cDaniel I. Block, editor ; Brian H. Cribb and Gregory S. Smith ; editor asociado.
264 1 _aNashville, Tennesse. :
_bB & H Academic Group,
_c2008.
300 _axxi, 346 páginas :
_bilustraciones ;
_c23 centímetros
336 _atext
_2rdacontent
337 _aunmediated
_2rdamedia
338 _avolume
_2rdacarrier
504 _aÍndice de nombres : página 329-336.
504 _aÍndice de sagrada escritura 342-346.
504 _aÍndice de temas : página 337-341.
505 0 _aIsrael, Ancient kingdom or late invention? / Daniel I. Block -- The value and limitations of the Bible and archaeology / Alan R. Millard -- Contextual criticism as a framework for biblical interpretation / John M. Monson -- North-West Semitic inscriptions and biblical interpretation / Joel Drinkard -- From Joseph to David : Mari and Israelite pastoral traditions / Daniel E. Fleming -- Major geographical issues in the accounts of the Exodus / James K. Hoffmeier -- Slavery and slave laws in ancient Hatti and Israel / Harry A. Hoffner, Jr. -- Were the Israelites really Canaanites? / Alan R. Millard -- Syria and the Bible : the Luwian connection / Richard S. Hess -- David and Solomon's Jerusalem : do the Bible and archaeology disagree? / Alan R. Millard -- Who were Israel's Transjordanian neighbors and how did they differ? / Gerald L. Mattingly -- Shalmaneser III and Israel / K. Lawson Younger, Jr. -- Did the Israelites really learn their monotheism in Babylon? / Simon J. Sherwin -- Did Persian Zoroastrianism influence Judaism? / Edwin M. Yamauchi -- Interpreting the Bible as an ancient eastern document / John H. Walton.
526 _aSEG42
526 _aSEG41
526 _aSEG40
526 _aSEG39
526 _aP94
526 _aP87
526 _aP86
526 _aP85
526 _aP77
526 _aP76
526 _aP35
650 4 _aIsrael
_xHistoria.
650 4 _aJudios
_xHistoria
_vFuentes.
650 4 _aJudios
_xHistoria
_y586 aC
700 1 _aBlock, Daniel Isaac,
_d1943-,
_eeditor.
700 1 _aCribb, Brian H.,
_eeditor asociado.
700 1 _aSmith, Gregory S.,
_eeditor asociado.
910 _aaas
_bjck
_caas
_d20150824
942 _2ddc
_cBOOK
949 _aPGT 221.95 I8
_wDEWEY
_c1
_i71754
_lCCODEBUL1
_mBUL
_p27.00
_r0
_sY
_tBOOK
_u2015-8-24
_xTEOLOGIA
_PP85
_0COMPRA
_o.CIRCNOTE. No olvidar cambiar la fecha de devolución!!!!!!!
_o.STAFF. Posgrado
994 _aC0
_bPEPRU
596 _a1
999 _aPGT 221.95 I8
_wDEWEY
_c6805
_i71754
_d6805
_e2017-10-1
_f2021-11-9
_g5
_lCCODEBUL1
_mBUL
_n1
_p27.00
_r0
_sY
_tBOOK
_u2015-8-24
_xTEOLOGIA
_PP85
_0COMPRA
_o.CIRCNOTE. No olvidar cambiar la fecha de devolución!!!!!!!
_o.STAFF. Colección Teología
980 _81
_gALBERTO SANCHEZ Responsable de Automatización